Juan de Mairena

Uloženo v:
Podrobná bibliografie
Hlavní autor: Machado Ruíz, Antonio (autor)
Médium: Kniha
Jazyk:španělština
Vydáno: Buenos Aires Losada 1968
Vydání:4a. ed
Edice:Biblioteca Clásica y Contemporánea
Témata:
Tagy: Přidat tag
Žádné tagy, Buďte první, kdo vytvoří štítek k tomuto záznamu!

MARC

LEADER 00000nam a2200000 a 4500
001 UCT7361
003 CL-VaPUC
005 20241121151340.0
008 970117e19680000AG |||||||||||||||||spa|d
999 |c 255989  |d 255987 
040 |c Pontificia Universidad Católica de Valparaíso 
082 0 4 |a 863  |b MAC  |2 21 
100 |a Machado Ruíz, Antonio  |e autor  |9 861644 
245 1 0 |a Juan de Mairena 
250 |a 4a. ed 
260 |a Buenos Aires  |b Losada  |c 1968 
300 |a v 
490 0 |a Biblioteca Clásica y Contemporánea 
583 |a last modification  |c 19970117 00:00:00  |k Rodrigo Vera 
650 7 |a PROSAS ESPAÑOLAS  |2 CL-VaPUC  |9 267355 
650 0 |a Dramas españoles  |9 267081 
650 0 |a Sátira española  |9 314591 
942 |c BK  |2 ddc 
945 |d 19970117 00:00:00  |a rleighto